Tate McRae - Lead singles de ses albums - Statistiques

Statistiques générales
  • Ce quiz a été pris 57 fois
  • Le résultat moyen est 3 sur 5
Statistiques - réponses
Albums Lead singles % Correct
Think Later Greedy
96%
Too Young to Be Sad You Broke Me First
90%
So Close to What It's ok I'm ok
83%
I Used to Think I Could Fly Feel Like Shit
44%
All the Things I Never Said Tear Myself Apart
31%
Aucun quiz correspondant
Distribution des résultats
% des personnes avec chaque résultat
Percentile par nombre de réponses
Votre historique - résultats
Vous n’avez pas pris ce quiz